Statistics for States That Border New York

Click here to take the quiz!

General Stats

  • This quiz has been taken 26 times
  • The average score is 4 of 5

Answer Stats

State% Correct
Massachusetts
95%
Pennsylvania
95%
New Jersey
91%
Connecticut
86%
Vermont
77%

Score Distribution

Percentile by Number Answered

Percent of People with Each Score

Your Score History

You have not taken this quiz